Risk and Capital Flight in Developing Countries.

The risks of large capital losses on the domestic assets of developing countries resulting from expropriation, inflation, or devaluations are identified as the major causes of capital flight. The combination of large foreign loans and capital flight from developing countries during the 1970s and ear...

Deskribapen osoa

Xehetasun bibliografikoak
Erakunde egilea: International Monetary Fund
Formatua: Aldizkaria
Hizkuntza:English
Argitaratua: Washington, D.C. : International Monetary Fund, 1990.
Saila:IMF Working Papers; Working Paper ; No. 1990/064
Sarrera elektronikoa:Full text available on IMF
LEADER 01715cas a2200241 a 4500
001 AALejournalIMF010053
008 230101c9999 xx r poo 0 0eng d
020 |c 5.00 USD 
020 |z 9781451962895 
022 |a 1018-5941 
040 |a BD-DhAAL  |c BD-DhAAL 
110 2 |a International Monetary Fund. 
245 1 0 |a Risk and Capital Flight in Developing Countries. 
264 1 |a Washington, D.C. :  |b International Monetary Fund,  |c 1990. 
300 |a 1 online resource (26 pages) 
490 1 |a IMF Working Papers 
500 |a <strong>Off-Campus Access:</strong> No User ID or Password Required 
500 |a <strong>On-Campus Access:</strong> No User ID or Password Required 
506 |a Electronic access restricted to authorized BRAC University faculty, staff and students 
520 3 |a The risks of large capital losses on the domestic assets of developing countries resulting from expropriation, inflation, or devaluations are identified as the major causes of capital flight. The combination of large foreign loans and capital flight from developing countries during the 1970s and early 1980s reflected different perceptions of domestic residents and foreign lenders regarding the risks of holding domestic assets. However, the debt crisis reduced these differences in perceived risks, and resulted in a decline of foreign loans coupled with continuation of capital flight. If sound macroeconomic and structural policies can reduce those risks, they can also stem capital flight. 
538 |a Mode of access: Internet 
830 0 |a IMF Working Papers; Working Paper ;  |v No. 1990/064 
856 4 0 |z Full text available on IMF  |u http://elibrary.imf.org/view/journals/001/1990/064/001.1990.issue-064-en.xml  |z IMF e-Library